Szczegóły MARC21

Dialogi /

003 -Nazwa inst., której nr kontr. jest w polu 001 [,]
    • @
    • Nazwa instytucji, której n kontrolny jest w polu 001
    • NUKAT
005 -DATA I CZAS OSTATNIEJ MODYFIKACJI [,]
    • @
    • pole kontrolne
    • 20241231104138.0
020 -Międzynarod. znormalizowany nr książki - ISBN [ , ]
    • a
    • Numer ISBN
    • 8371500343 Find
040 -Instytucja sporządzająca opis [ , ]
    • a
    • Instytucja, która sporządziła opis (NP)
    • KR U/47DB
    • c
    • Instytucja, która sporządziła rekord (NP)
    • KR U/47DB
    • d
    • Instytucja, która zmodyfikowała rekord (P)
    • KR U/47MM
041 -Język dokumentu [1, ]
    • a
    • Język tekstu (P)
    • polski
    • h
    • Język tekstu oryginalnego i/lub pośredniego (P)
    • łaciński
942 -Rodzaj dokumentu [ , ]
    • c
    • Rodzaj dokumentu
    • Książka
100 -Hasło główne - nazwa osobowa [1, ]
    • a
    • Nazwa osobowa (NP)
    • Seneca, Lucius Annaeus
    • d
    • Daty biograficzne (NP)
    • (około 4 p.n.e.-65).
    • 9
    • KHW
    • 251934
240 -Tytuł ujednolicony [1,0]
    • a
    • Tytuł ujednolicony
    • Dialogi
    • l
    • Język tekstu
    • (pol.)
    • 9
    • KHW
    • 20465
245 -Strefa tytułu i oznaczenia odpowiedzialności [1,0]
    • a
    • Tytuł
    • Dialogi / Find
    • c
    • Pozostałe elementy strefy tytułu i oznaczenia odpowiedzialności (NP)
    • Lucjusz Anneusz Seneka ; przeł. Leon Joachimowicz.
246 -Wariant tytułu [1, ]
    • i
    • Tekst wyświetlany na ekranie monitora (NP)
    • Tyt. oryg.:
    • a
    • Tytuł (NP)
    • Dialogorum Libri XII
260 -Strefa adresu wydawniczego [ , ]
    • a
    • Miejsce wydania (P)
    • Poznań :
    • b
    • Nazwa wydawcy (P)
    • Wydawnictwo Zysk i S-ka,
    • c
    • Data wydania (P)
    • cop. 1996.
300 -Strefa opisu fizycznego [ , ]
    • a
    • Określenie formy książki i/lub objętość (NP)
    • 285, [3] s. ;
    • c
    • Format (NP)
    • 19 cm.
336 -Typ zawartości [ , ]
    • a
    • Termin opisujący typ zawartości
    • Tekst
    • b
    • Kod określający zawartość
    • txt
    • 2
    • Źródło (terminu i kodu)
    • rdacontent
337 -Typ mediów [ , ]
    • a
    • Tryb odtwarzania
    • Bez urządzenia pośredniczącego
    • b
    • Kod typu mediów
    • n
    • 2
    • Źródło (terminu i kodu)
    • rdamedia
338 -Typ/rodzaj nośnika [ , ]
    • a
    • Hasło opisujące typ nośnika
    • Wolumin
    • b
    • Kod typu nośnika
    • nc
    • 2
    • Źródło (terminu i kodu)
    • rdacarrier
080 -Uniwersalna Klasyfikacja Dziesiętna [ , ]
    • a
    • Symbol klasyfikacji
    • 1
    • 2
    • Identyfikator wydania tablic
    • UDC-P058
    • 9
    • UKD
    • 7556
    • b
    • Dopowiedzenie
    • Filozofia. Psychologia.
650 -Hasło przedmiotowe [ ,7]
    • a
    • Hasło przedmiotowe
    • Etyka
    • v
    • Określnik formalny
    • dzieła przed 1800.
    • 2
    • Źródło terminu
    • kaba
    • 9
    • KHW
    • 366009
650 -Hasło przedmiotowe [ ,7]
    • a
    • Hasło przedmiotowe
    • Etyka starożytna
    • x
    • Określnik rzeczowy
    • źródła.
    • 2
    • Źródło terminu
    • kaba
    • 9
    • KHW
    • 455344
980 -Symbol UKD [ , ]
    • a
    • UKD
    • 1
700 -Hasło dodatkowe - nazwa osobowa [1, ]
    • a
    • Nazwa osobowa (NP)
    • Joachimowicz, Leon Find
    • d
    • Daty biograficzne (NP)
    • (1915-1977).
    • e
    • Określenie rodzaju współpracy
    • Tł.
    • 9
    • KHW
    • 20466
700 -Hasło dodatkowe - nazwa osobowa [1,2]
    • a
    • Nazwa osobowa (NP)
    • Seneca, Lucius Annaeus Find
    • d
    • Daty biograficzne (NP)
    • (około 4 p.n.e.-65).
    • t
    • Tytuł ujednolicony/tytuł (NP)
    • De brevitate vitae Find
    • l
    • Język tekstu (NP)
    • (pol.)
    • 9
    • KHW
    • 514417
700 -Hasło dodatkowe - nazwa osobowa [1,2]
    • a
    • Nazwa osobowa (NP)
    • Seneca, Lucius Annaeus Find
    • d
    • Daty biograficzne (NP)
    • (około 4 p.n.e.-65).
    • t
    • Tytuł ujednolicony/tytuł (NP)
    • De vita beata Find
    • l
    • Język tekstu (NP)
    • (pol.)
    • 9
    • KHW
    • 514412
700 -Hasło dodatkowe - nazwa osobowa [1,2]
    • a
    • Nazwa osobowa (NP)
    • Seneca, Lucius Annaeus Find
    • d
    • Daty biograficzne (NP)
    • (około 4 p.n.e.-65).
    • t
    • Tytuł ujednolicony/tytuł (NP)
    • Ad Novatum De ira Find
    • l
    • Język tekstu (NP)
    • (pol.)
    • 9
    • KHW
    • 514416
700 -Hasło dodatkowe - nazwa osobowa [1,2]
    • a
    • Nazwa osobowa (NP)
    • Seneca, Lucius Annaeus Find
    • d
    • Daty biograficzne (NP)
    • (około 4 p.n.e.-65).
    • t
    • Tytuł ujednolicony/tytuł (NP)
    • Ad Helviam matrem De consolatione Find
    • l
    • Język tekstu (NP)
    • (pol.)
    • 9
    • KHW
    • 514413
700 -Hasło dodatkowe - nazwa osobowa [1,2]
    • a
    • Nazwa osobowa (NP)
    • Seneca, Lucius Annaeus Find
    • d
    • Daty biograficzne (NP)
    • (około 4 p.n.e.-65).
    • t
    • Tytuł ujednolicony/tytuł (NP)
    • Ad Serenum Nec iniuriam nec contumeliam accipere sapientem Find
    • l
    • Język tekstu (NP)
    • (pol.)
    • 9
    • KHW
    • 514421
700 -Hasło dodatkowe - nazwa osobowa [1,2]
    • a
    • Nazwa osobowa (NP)
    • Seneca, Lucius Annaeus Find
    • d
    • Daty biograficzne (NP)
    • (około 4 p.n.e.-65).
    • t
    • Tytuł ujednolicony/tytuł (NP)
    • Ad Lucilium Quare aliqua incommoda bonis viris accidant, cum providentia sit Find
    • l
    • Język tekstu (NP)
    • (pol.)
    • 9
    • KHW
    • 514414
700 -Hasło dodatkowe - nazwa osobowa [1,2]
    • a
    • Nazwa osobowa (NP)
    • Seneca, Lucius Annaeus Find
    • d
    • Daty biograficzne (NP)
    • (około 4 p.n.e.-65).
    • t
    • Tytuł ujednolicony/tytuł (NP)
    • De tranquillitate animi Find
    • l
    • Język tekstu (NP)
    • (pol.)
    • 9
    • KHW
    • 514420
700 -Hasło dodatkowe - nazwa osobowa [1,2]
    • a
    • Nazwa osobowa (NP)
    • Seneca, Lucius Annaeus Find
    • d
    • Daty biograficzne (NP)
    • (około 4 p.n.e.-65).
    • t
    • Tytuł ujednolicony/tytuł (NP)
    • De otio Find
    • l
    • Język tekstu (NP)
    • (pol.)
    • 9
    • KHW
    • 514419
710 -Hasło dodatkowe - nazwa ciała zbiorowego [2, ]
    • a
    • Nazwa ciała zbiorowego lub nazwa geograficzna jako pierwszy element (NP)
    • Zysk i S-ka Wydawnictwo.
    • 4
    • Kod relacji
    • pbl
    • 9
    • KHW
    • 54028
920 -ISBN [ , ]
    • a
    • ISBN
    • 83-7150-034-3 Find
Numer inwentarzowy Status udost. Data inwentaryzacji Lokalizacja
F.2642311996-11-13BNS